Statistiche per Glossario calcistico - Quiz n°7

Clicka qui per fare il quiz!

Statistiche generali

  • Questo quiz è stato fatto 11 volte
  • Il punteggio medio è 7 su 15

Statistiche sulle risposte

DefinizioneRisposta% Corretto
Ostacolo composto da due o più giocatori che viene frapposto, dalla squadra difendente, fra il punto di battuta di un calcio di punizione e la propria porta allo scopo di ostacolare la conclusione avversariaBarriera
100%
Persona che sostiene e segue una squadra di calcioTifoso
100%
Passaggio di un giocatore ad un altro con successiva rete del giocatore che ha ricevuto il passaggioAssist
67%
Gol segnato da una squadra nella propria porta, e quindi a favore degli avversariAutogol
67%
Modalità di svolgimento dei tempi supplementari usata dal 1994 al 2004. La prima squadra che segna vince, senza dover attendere il termine del tempo supplementareGolden gol
67%
Azione di ripartenza da una situazione di attacco di una squadra a una situazione favorevole alla squadra avversaria, utilizzata per cogliere impreparata la difesaContropiede
44%
Finta che consiste nel far passare velocemente e per diverse volte le gambe attorno alla palla, per simulare un cambio di direzioneDoppio passo
44%
Si dice in Italia di gol molto spettacolare, soprattutto se realizzato con tiro da lunga distanza. Prende il nome dall'omonima trasmissione televisiva RAI, che proponeva una rassegna di gol segnati in vari campi d'Europa. Nei Paesi di lingua spagnola prende il nome di golazo.Eurogol
44%
Calciatore, solitamente centrocampista, che ha il compito di contrastare e pressare l'avversario che detiene il possesso della sferaIncontrista
44%
Distintivo di forma circolare che si appone sulla maglia della squadra detentrice della Coppa ItaliaCoccarda
33%
Fallo con il quale si impedisce ad un avversario di raggiungere il pallone frapponendosi con il proprio corpo, e costringendo quindi l'avversario a bloccarsi per evitare uno scontro, o a fare un giro più lungo per raggiungere il pallone. Se commesso senza contatto fisico è punito con un calcio di punizione indirettoFallo da ostruzione
33%
Passaggio che libera il compagno e spacca a metà la difesaPassaggio filtrante
33%
Schema che prevede l'avanzamento collettivo della linea difensiva di una squadra per lasciare gli attaccanti avversari in posizione irregolareTrappola del fuorigioco
22%
Caratteristica dei centrocampisti impegnati in fase di attacco e di difesa e quindi attivi da un'area all'altraBox to box
11%
Giocatore che si distingue per la capacità di segnare un alto numero di goalCannoniere
11%

Distribuzione punteggi

Percentile per numero di risposta

Percentuale di utenti per punteggio

I tuoi punteggi nel tempo

Non hai fatto questo quiz